000 00829nas a2200277 4500
001 BR7908393
003 BR-BrBNA
005 20231205084025.0
007 ta
008 230509b bl.|||p| |||| 00| 00por d
040 _aBR-BrBNA
_bpor
_cBiblioteca Nacional de Agricultura
041 _a(Pt)
072 _aL72; L73
100 1 _aFernandes, J.C.T.
100 1 _aMarques, C.
100 1 _aFaria, M.L.E.
100 1 _aFaria, C.M.
245 1 _aTricomonose bovina em rebanho leiteiro
650 _aPARASITO DE ANIMAL
650 _aDOENCA ANIMAL
650 _aTRICOMONOSE
650 _aGADO LEITEIRO
773 0 _tArquivos da Faculdade de Veterinaria da Universidade Federal do Rio Grande do Sul (Brazil)
_x
_g(Dec 1979), v. 7 p. 155-161
_wBR7908393
909 _a202311
_bLúcia
_c55
_dLúcia Elande
942 _2AGRIS
_n0
_cANA
999 _c102655
_d102655